El impacto de la globalización en la educación superior chilena
שמור ב:
| מחבר תאגידי: | |
|---|---|
| פורמט: | ספר |
| שפה: | ספרדית |
| יצא לאור: |
Santiago
Gráfica Suiza
1998
|
| נושאים: | |
| תגים: |
הוספת תג
אין תגיות, היה/י הראשונ/ה לתייג את הרשומה!
|
MARC
| LEADER | 00000cam a2200000 a 4500 | ||
|---|---|---|---|
| 001 | UCH1327 | ||
| 003 | CL-VaPUC | ||
| 008 | 090420e19980000CL |||||||||||||||||spa|d | ||
| 082 | 0 | 4 | |a 303.482 |b MIN |2 21 |
| 110 | 2 | |a Ministerio de Educación. División de Educación Superior |e author |9 535760 | |
| 245 | 1 | 3 | |a El impacto de la globalización en la educación superior chilena |
| 300 | |a 411 p | ||
| 942 | |c BK | ||
| 945 | |d 20090420 00:00:00 |a dcastane | ||
| 260 | |a Santiago |b Gráfica Suiza |c 1998 | ||
| 650 | 0 | |a Globalización |9 361930 | |
| 650 | 0 | |a Cambio social |9 256857 | |
| 650 | 7 | |a EFECTOS SOCIALES |2 CL-VaPUC |9 402313 | |
| 650 | 0 | |a Universidades chilenas |9 407335 | |
| 583 | |a last modification |c 20120530 05:49:15 |k Rodrigo Vera | ||
| 999 | |c 333377 |d 333375 | ||
| 952 | |0 0 |1 0 |4 0 |6 303_482000000000000_MIN_1998 |7 0 |8 A |9 421729 |a BIBHIS |b BIBHIS |d 2019-11-22 |i 4518187 |o 303.482 MIN 1998 |p 4518187 |r 2025-01-20 |w 2019-11-22 |y BK |k HIS | ||
| 952 | |0 0 |1 0 |4 0 |6 303_482000000000000_MIN_1998 |7 0 |8 A |9 421730 |a BIBEDU |b BIBEDU |d 2019-11-22 |i 4670957 |o 303.482 MIN 1998 |p 4670957 |r 2019-11-22 |w 2019-11-22 |y BK |k EDU | ||
| 952 | |0 0 |1 0 |4 0 |6 303_482000000000000_MIN_1998 |7 0 |8 ED_SUP |9 421731 |a BIBGIM |b BIBGIM |c S_PSTGRDO |d 2019-11-22 |i 4852869 |o 303.482 MIN 1998 |p 4852869 |r 2025-01-15 |w 2019-11-22 |y BK |k ESU | ||